EU Trade Policy Africa, Caribbean and Pacific and Indo-Pacific Region
Saved in:
| Main Author: | |
|---|---|
| Other Authors: | , , |
| Format: | Book |
| Language: | English |
| Published: |
Praha
Leges
2025
|
| Edition: | 1st Edition |
| Subjects: | |
| Tags: |
No Tags, Be the first to tag this record!
|
MARC
| LEADER | 00000nam a2200000 4500 | ||
|---|---|---|---|
| 001 | 0312747 | ||
| 005 | 20251128124232.8 | ||
| 020 | |a 978-80-7502-834-1 | ||
| 041 | 0 | |a eng | |
| 044 | |a CZ | ||
| 245 | 1 | 0 | |a EU Trade Policy |b Africa, Caribbean and Pacific and Indo-Pacific Region |c Ľubica Zubaľová, Kristína Drieniková ; Reviewers: Denisa Jánošová, Barbora Družbacká |
| 250 | |a 1st Edition | ||
| 264 | 1 | |a Praha |b Leges |c 2025 | |
| 300 | |a 176 s. [9,03 AH] | ||
| 610 | 2 | 0 | |a politika obchodná |
| 610 | 2 | 0 | |a politika zahraničnoobchodná |
| 610 | 2 | 0 | |a vzťahy obchodné |
| 610 | 2 | 0 | |a vzťahy zahraničné |
| 610 | 2 | 0 | |a spolupráca hospodárska medzinárodná |
| 610 | 2 | 0 | |a dohody obchodné medzinárodné |
| 610 | 2 | 0 | |a Afrika |
| 610 | 2 | 0 | |a Karibská oblasť |
| 610 | 2 | 0 | |a Tichomorie |
| 610 | 2 | 0 | |a India |
| 610 | 2 | 0 | |a Európska únia |
| 100 | 1 | |a Zubaľová, Ľubica, 1969- | |
| 700 | 1 | |a Drieniková, Kristína, 1982- | |
| 700 | 1 | |a Jánošová, Denisa | |
| 700 | 1 | |a Družbacká, Barbora, 1995- | |